| 000 | 00876nam a22002777a 4500 | ||
|---|---|---|---|
| 001 | 10044 | ||
| 003 | FISKH | ||
| 005 | 20260401102441.0 | ||
| 008 | 260401b cb ||||| |||| 00| 0 eng d | ||
| 020 | _a9781617418730 | ||
| 040 |
_aFISKH _beng _cFISKH _dFISKH |
||
| 050 | _aTL230.15 .R43 .C36 | ||
| 082 | _a813 | ||
| 100 |
_aReasoner, Charles _eAuthor |
||
| 245 |
_aTrucks! : _bBig busy machines / _cBy Charles Reasoner |
||
| 260 |
_aGuangdong : _bRourke Educational Media , _c2011 |
||
| 300 |
_a4 unnumbered pages : _bcolor illustrations ; _c14 cm |
||
| 505 | _aE | ||
| 520 | _aJuvenile Fiction. Picture Book Fiction. HTML:Follow a day in the life of Truck while he is at work. | ||
| 521 | 8 |
_a250
_bLexile estimate |
|
| 521 | 8 |
_aE
_bRaz-Plus |
|
| 650 |
_aBoard book _vTrucks |
||
| 650 |
_aVehicles _vTransportation |
||
| 942 |
_2ddc _cBK _n0 |
||
| 999 |
_c10044 _d10044 |
||